000
00183 a2200097 4500
020
_a
9780545561709
041
_a
eng
100
_a
Last, First
245
_a
The fiesta dress
942
_c
BK
999
_c
9891
_d
9891